000 00531 a2200229 4500
260 _aParis
630 _a62 - Ingenierie. Art de lingenieur. Technologie en general
037 _bLP
650 _a6 - SCIENCES APPLIQUEES
100 _aHerben, Jean
260 _bDunod
245 _aLes caméscopes.Tome 1, fonctionnement et maintenance
300 _a479p.
650 _aCaméscope
260 _c1994
300 _b21cm
100 _lFr
037 _aS 6917
020 _a2-10-002486-8
999 _c37852
_d37852